[Event "Titled Tuesday intern op 12th Sep Early"]
[Site "Chess.com INT"]
[Date "2023.09.12"]
[Round "5"]
[White "Demchenko, Anton"]
[Black "Matthiesen, Martin"]
[Result "1-0"]
[WhiteElo "2608"]
[BlackElo "2282"]
[PlyCount "57"]
[EventDate "2023.09.12"]
[EventType "swiss (blitz)"]
[EventRounds "11"]
[EventCountry "USA"]
[SourceTitle "EXT 2024"]
[Source "ChessBase"]
[SourceDate "2023.10.10"]
[SourceVersion "1"]
[SourceVersionDate "2023.10.10"]
[SourceQuality "1"]

1. e4 c5 2. Nf3 d6 3. d4 cxd4 4. Nxd4 Nf6 5. Nc3 e6 6. Be3 Nc6 7. f3 Be7 8. Qd2 0-0 9. 0-0-0 d5 10. Be2 Re8 11. Kb1 Bf8 12. exd5 Nxd5 13. Nxd5 exd5 14. f4 Qe7 15. Bf2 Nxd4 16. Qxd4 Bf5 17. Bd3 Be4 18. Rhe1 f5 19. h3 Qf7 20. g4 fxg4 21. hxg4 Qxf4 22. Be3 Qxg4 23. Rg1 Qe6 24. Bc1 Re7 25. Rde1 b6 26. Rxe4 dxe4 27. Bc4 Qxc4 28. Qxc4+ Kh8 29. Be3 1-0

[Event "Titled Tuesday intern op 05th Sep Early"]
[Site "Chess.com INT"]
[Date "2023.09.05"]
[Round "11"]
[White "Matthiesen, Martin"]
[Black "Kleiman, Jake"]
[Result "1/2-1/2"]
[WhiteElo "2282"]
[BlackElo "2399"]
[PlyCount "99"]
[EventDate "2023.09.05"]
[EventType "swiss (blitz)"]
[EventRounds "11"]
[EventCountry "USA"]
[SourceTitle "EXT 2024"]
[Source "ChessBase"]
[SourceDate "2023.10.10"]
[SourceVersion "1"]
[SourceVersionDate "2023.10.10"]
[SourceQuality "1"]

1. d4 Nf6 2. c4 e6 3. Nf3 Bb4+ 4. Bd2 Bxd2+ 5. Qxd2 0-0 6. Nc3 d5 7. e3 Qe7 8. Rc1 Rd8 9. Qc2 a6 10. Be2 dxc4 11. Bxc4 c5 12. dxc5 Qxc5 13. Bd3 Nc6 14. a3 Bd7 15. Ne4 Nxe4 16. Bxe4 Qxc2 17. Rxc2 Kf8 18. 0-0 Ke7 19. Rfc1 Be8 20. Bxc6 Bxc6 21. Ne5 Be8 22. Rc7+ Kf6 23. f4 Rab8 24. R1c2 h5 25. h3 Rd1+ 26. Kf2 a5 27. g4 hxg4 28. hxg4 g5 29. Nf3 gxf4 30. exf4 Rh1 31. Kg3 b5 32. Ra7 a4 33. Rcc7 b4 34. Ne5 Rh7 35. Kf3 bxa3 36. bxa3 Rb3+ 37. Ke4 Rxa3 38. g5+ Kg7 39. Nxf7 Kf8 40. Nd8 Rxc7 41. Nxe6+ Kg8 42. Rxc7 Ra1 43. f5 a3 44. g6 Re1+ 45. Kf4 a2 46. Rg7+ Kh8 47. Rh7+ Kg8 48. Rg7+ Kh8 49. Rh7+ Kg8 50. Rg7+ 1/2-1/2

[Event "Titled Tuesday intern op 05th Sep Early"]
[Site "Chess.com INT"]
[Date "2023.09.05"]
[Round "2"]
[White "Matthiesen, Martin"]
[Black "Mirzanurov, Bulat"]
[Result "1-0"]
[WhiteElo "2282"]
[BlackElo "2232"]
[PlyCount "57"]
[EventDate "2023.09.05"]
[EventType "swiss (blitz)"]
[EventRounds "11"]
[EventCountry "USA"]
[SourceTitle "EXT 2024"]
[Source "ChessBase"]
[SourceDate "2023.10.10"]
[SourceVersion "1"]
[SourceVersionDate "2023.10.10"]
[SourceQuality "1"]

1. d4 d5 2. c4 dxc4 3. Nf3 Nf6 4. e3 e6 5. Bxc4 c5 6. 0-0 a6 7. a4 Nc6 8. Qe2 Qc7 9. Nc3 Be7 10. d5 exd5 11. Nxd5 Nxd5 12. Bxd5 Be6 13. Bxe6 fxe6 14. Qc4 Qc8 15. Bd2 0-0 16. a5 Bf6 17. Bc3 Nb4 18. e4 Nc2 19. Bxf6 Nxa1 20. Bh4 Qc6 21. Rxa1 Rf4 22. Re1 Raf8 23. Be7 R8f7 24. Bxc5 Rc7 25. b4 Rd7 26. h3 h6 27. Ne5 Qc7 28. Nxd7 Qxd7 29. Be3 1-0

[Event "DEN-chT 2223 60th"]
[Site "Denmark"]
[Date "2023.03.26"]
[Round "9.3"]
[White "Nielsen, Viktor Haarmark"]
[Black "Matthiesen, Martin"]
[Result "1/2-1/2"]
[WhiteElo "2384"]
[BlackElo "2328"]
[PlyCount "73"]
[EventDate "2022.10.29"]
[EventType "team-tourn"]
[EventRounds "9"]
[EventCountry "DEN"]
[SourceTitle "CBM 213 Extra"]
[Source "ChessBase"]
[SourceDate "2023.05.31"]
[SourceVersion "1"]
[SourceVersionDate "2023.05.31"]
[SourceQuality "1"]
[WhiteTeam "Obro"]
[BlackTeam "Copenhagen 68"]
[WhiteTeamCountry "DEN"]
[BlackTeamCountry "DEN"]

1. d4 Nf6 2. c4 e6 3. g3 d5 4. Nf3 dxc4 5. Bg2 c5 6. 0-0 Nc6 7. Ne5 Bd7 8. Nxc4 cxd4 9. Bf4 Nd5 10. Nd6+ Bxd6 11. Bxd6 Nde7 12. Nd2 0-0 13. Nf3 Re8 14. Nxd4 Nxd4 15. Qxd4 Nf5 16. Qd2 Nxd6 17. Qxd6 Bb5 18. Qe5 Qb6 19. Bf3 Rac8 20. Rfc1 Bc6 21. Bxc6 Rxc6 22. Rxc6 Qxc6 23. Rd1 h6 24. Rd6 Qc1+ 25. Kg2 Qc4 26. a3 b6 27. e4 Re7 28. h4 Kh7 29. Rd8 Qe2 30. b4 Rb7 31. Qf4 a5 32. Qf3 Qxf3+ 33. Kxf3 Rc7 34. Rb8 Rc3+ 35. Kg2 Rxa3 36. Rxb6 axb4 37. Rxb4 1/2-1/2

[Event "Aarhus-chA"]
[Site "Aarhus"]
[Date "2023.02.12"]
[Round "5"]
[White "Jacobsen, Mikkel Manosri"]
[Black "Matthiesen, Martin"]
[Result "1/2-1/2"]
[WhiteElo "2318"]
[BlackElo "2263"]
[PlyCount "74"]
[EventDate "2023.02.10"]
[EventType "tourn"]
[EventRounds "5"]
[EventCountry "DEN"]
[EventCategory "5"]
[SourceTitle "EXT 2024"]
[Source "ChessBase"]
[SourceDate "2023.10.10"]
[SourceVersion "1"]
[SourceVersionDate "2023.10.10"]
[SourceQuality "1"]

1. d4 d5 2. Bf4 c5 3. e3 Nc6 4. Nf3 Bg4 5. Nbd2 e6 6. h3 Bh5 7. Bb5 cxd4 8. exd4 Bd6 9. Bxd6 Qxd6 10. c3 Nge7 11. 0-0 0-0 12. Re1 f6 13. Qe2 Bf7 14. a4 Ng6 15. Nb3 a6 16. Bxc6 Qxc6 17. Nc5 e5 18. a5 Rae8 19. Qf1 Nf4 20. Re3 Bh5 21. Rae1 Bxf3 22. Rxf3 g5 23. Rfe3 e4 24. c4 f5 25. Rb3 Rf7 26. Rb6 Qc8 27. g3 Ne6 28. Nxe6 Rxe6 29. cxd5 Rxb6 30. axb6 Qd8 31. Rc1 Qxb6 32. Rc8+ Kg7 33. Qc1 f4 34. Qc5 Qb3 35. d6 Qd1+ 36. Kg2 Qf3+ 37. Kg1 Qd1+ 1/2-1/2

[Event "DEN-chT 2223 60th"]
[Site "Denmark"]
[Date "2023.01.15"]
[Round "6.4"]
[White "Hillarp Persson, Tiger"]
[Black "Matthiesen, Martin"]
[Result "1-0"]
[WhiteElo "2511"]
[BlackElo "2328"]
[PlyCount "99"]
[EventDate "2022.10.29"]
[EventType "team-tourn"]
[EventRounds "9"]
[EventCountry "DEN"]
[SourceTitle "CBM 213 Extra"]
[Source "ChessBase"]
[SourceDate "2023.05.31"]
[SourceVersion "1"]
[SourceVersionDate "2023.05.31"]
[SourceQuality "1"]
[WhiteTeam "Bronshoj"]
[BlackTeam "Copenhagen 68"]
[WhiteTeamCountry "DEN"]
[BlackTeamCountry "DEN"]

1. Nf3 d5 2. g3 g6 3. c4 dxc4 4. Na3 Bg7 5. Nxc4 Nc6 6. d3 e5 7. Bg2 Nge7 8. 0-0 0-0 9. Rb1 a5 10. b3 Re8 11. Bb2 Nf5 12. e3 Nd6 13. Qe2 Bf5 14. Rfd1 a4 15. h3 axb3 16. axb3 Nxc4 17. bxc4 Ra2 18. Qc2 Qe7 19. Qb3 Ra7 20. Nd2 Rea8 21. Ne4 Nb8 22. Re1 Nd7 23. d4 h6 24. Rbd1 Qf8 25. Nc3 exd4 26. exd4 c6 27. c5 Nf6 28. Bc1 Be6 29. Qb1 Qc8 30. Kh2 Qd7 31. Bf4 Ra3 32. Qc1 Kh7 33. Bd6 Rb3 34. Re3 Bf8 35. Bxf8 Rxf8 36. d5 Rxc3 37. Qxc3 Nxd5 38. Qb2 Ra8 39. Rb3 Qe7 40. Rxb7 Qxc5 41. Re1 Qd6 42. h4 Kg8 43. Qd2 h5 44. Qd4 Rd8 45. Kg1 Rc8 46. Be4 c5 47. Qd2 c4 48. Qh6 Bg4 49. Qg5 Rc5 50. Bxg6 1-0

[Event "DEN-chT 2223 60th"]
[Site "Denmark"]
[Date "2023.01.14"]
[Round "5.5"]
[White "Matthiesen, Martin"]
[Black "Thybo, Jesper Sondergaard"]
[Result "1/2-1/2"]
[WhiteElo "2328"]
[BlackElo "2498"]
[PlyCount "50"]
[EventDate "2022.10.29"]
[EventType "team-tourn"]
[EventRounds "9"]
[EventCountry "DEN"]
[SourceTitle "CBM 213 Extra"]
[Source "ChessBase"]
[SourceDate "2023.05.31"]
[SourceVersion "1"]
[SourceVersionDate "2023.05.31"]
[SourceQuality "1"]
[WhiteTeam "Copenhagen 68"]
[BlackTeam "Koge Xtracon"]
[WhiteTeamCountry "DEN"]
[BlackTeamCountry "DEN"]

1. d4 f5 2. g3 Nf6 3. Bg2 g6 4. Nf3 Bg7 5. 0-0 0-0 6. c4 d6 7. Nc3 c6 8. d5 e5 9. dxe6 Bxe6 10. b3 Ne4 11. Nxe4 fxe4 12. Nd4 Qd7 13. Nxe6 Qxe6 14. Rb1 d5 15. cxd5 cxd5 16. Bb2 Bxb2 17. Rxb2 Nc6 18. f3 Rad8 19. fxe4 Rxf1+ 20. Bxf1 dxe4 21. Rd2 Rf8 22. Rd6 Qf5 23. Qd5+ Rf7 24. Qxf5 gxf5 25. Kf2 f4 1/2-1/2

[Event "Titled Tuesday intern op 20th Dec Early"]
[Site "Chess.com INT"]
[Date "2022.12.20"]
[Round "10"]
[White "Arabidze, Meri"]
[Black "Matthiesen, Martin"]
[Result "1-0"]
[WhiteElo "2427"]
[BlackElo "2262"]
[PlyCount "91"]
[EventDate "2022.12.20"]
[EventType "swiss (blitz)"]
[EventRounds "11"]
[EventCountry "USA"]
[SourceTitle "EXT 2024"]
[Source "ChessBase"]
[SourceDate "2023.10.10"]
[SourceVersion "1"]
[SourceVersionDate "2023.10.10"]
[SourceQuality "1"]

1. c4 e5 2. Nc3 Nf6 3. g3 d5 4. cxd5 Nxd5 5. Bg2 Nb6 6. Nf3 Nc6 7. 0-0 Be7 8. d3 0-0 9. a3 Be6 10. b4 a6 11. Bb2 f6 12. Ne4 Rf7 13. Rc1 Bf8 14. Nc5 Bxc5 15. Rxc5 Rd7 16. Nd2 Bd5 17. Bh3 Rd6 18. Qc2 Kh8 19. Rc1 Nd7 20. Rxd5 Rxd5 21. Bg2 Rd6 22. Nc4 Re6 23. Bd5 Re8 24. Bxc6 bxc6 25. Na5 Nf8 26. Nxc6 Qd7 27. e3 Ne6 28. h4 g5 29. hxg5 Nxg5 30. Qe2 Qh3 31. Rc4 Rg8 32. Ne7 Rg7 33. Nd5 Rag8 34. Nxf6 Nf3+ 35. Qxf3 Rxg3+ 36. fxg3 Rxg3+ 37. Qxg3 Qxg3+ 38. Kh1 Qf3+ 39. Kh2 Qf2+ 40. Kh3 Qf3+ 41. Kh2 Qe2+ 42. Kg3 Qxe3+ 43. Kg4 Qe2+ 44. Kf5 Qxb2 45. Rxc7 Qf2+ 46. Ke6 1-0

[Event "Titled Tuesday intern op 20th Dec Early"]
[Site "Chess.com INT"]
[Date "2022.12.20"]
[Round "5"]
[White "Kazakouski, Valery"]
[Black "Matthiesen, Martin"]
[Result "1-0"]
[WhiteElo "2539"]
[BlackElo "2262"]
[PlyCount "61"]
[EventDate "2022.12.20"]
[EventType "swiss (blitz)"]
[EventRounds "11"]
[EventCountry "USA"]
[SourceTitle "EXT 2024"]
[Source "ChessBase"]
[SourceDate "2023.10.10"]
[SourceVersion "1"]
[SourceVersionDate "2023.10.10"]
[SourceQuality "1"]

1. Nf3 d5 2. c4 c6 3. g3 Nf6 4. Bg2 dxc4 5. 0-0 Nbd7 6. Qc2 Nb6 7. a4 g6 8. a5 Nbd5 9. Qxc4 a6 10. d3 Bg7 11. Qh4 h6 12. Bd2 Qc7 13. Na3 e5 14. Qa4 0-0 15. Rfc1 Re8 16. e4 Ne7 17. Nc4 Nd7 18. Bb4 c5 19. Nb6 Rb8 20. Bxc5 Qc6 21. Qxc6 Nxc6 22. Bd6 Nxb6 23. Bxb8 Nxb8 24. axb6 Nd7 25. Bh3 Nxb6 26. Bxc8 Nxc8 27. Rc7 Nd6 28. Rd7 Bf8 29. Rc1 Be7 30. Nxe5 Bg5 31. f4 1-0

[Event "Titled Tuesday intern op 20th Dec Early"]
[Site "Chess.com INT"]
[Date "2022.12.20"]
[Round "8"]
[White "Matthiesen, Martin"]
[Black "Degenbaev, Aziz"]
[Result "1/2-1/2"]
[WhiteElo "2262"]
[BlackElo "2139"]
[PlyCount "149"]
[EventDate "2022.12.20"]
[EventType "swiss (blitz)"]
[EventRounds "11"]
[EventCountry "USA"]
[SourceTitle "EXT 2024"]
[Source "ChessBase"]
[SourceDate "2023.10.10"]
[SourceVersion "1"]
[SourceVersionDate "2023.10.10"]
[SourceQuality "1"]

1. d4 Nf6 2. c4 g6 3. Nc3 Bg7 4. e4 d6 5. Nf3 0-0 6. Be2 e5 7. d5 a5 8. Bg5 h6 9. Bh4 Na6 10. 0-0 Bd7 11. Nd2 Qe8 12. b3 Nxe4 13. Ncxe4 f5 14. Bd3 fxe4 15. Nxe4 Bf5 16. f3 Nc5 17. Nxc5 dxc5 18. Be4 Bxe4 19. fxe4 Rf4 20. Qe1 Qf7 21. Bf2 b6 22. Be3 Rxf1+ 23. Qxf1 Qxf1+ 24. Rxf1 a4 25. Rf2 axb3 26. axb3 Ra3 27. Rb2 Kf7 28. Kf2 Ke7 29. Ke2 Ra1 30. b4 cxb4 31. c5 bxc5 32. Bxc5+ Kd7 33. Bxb4 Bf6 34. Bd2 Ra4 35. Kf3 Ra3+ 36. Ke2 Ra4 37. Rb4 Ra2 38. Kd3 Bh4 39. g3 Be7 40. Rb8 Bc5 41. Rg8 g5 42. Rg6 Ra3+ 43. Kc4 Bd4 44. Rxh6 Ra2 45. Bb4 Rc2+ 46. Kb5 Rb2 47. Rh7+ Kc8 48. Kc4 Rc2+ 49. Kb3 Rb2+ 50. Ka3 Re2 51. Rg7 Rxe4 52. Rxg5 Re2 53. h4 e4 54. h5 e3 55. Rg8+ Kb7 56. Re8 Rh2 57. g4 Rh4 58. Re4 Bb6 59. d6 cxd6 60. Bxd6 Rh3 61. Kb4 Kc6 62. Be5 Rh2 63. Bd4 Bxd4 64. Rxd4 e2 65. Re4 Kd5 66. Re8 Rg2 67. h6 Rxg4+ 68. Kc3 Rh4 69. Rd8+ Ke6 70. Re8+ Kf7 71. Rxe2 Rxh6 72. Kd4 Rd6+ 73. Ke3 Re6+ 74. Kf2 Rxe2+ 75. Kxe2 1/2-1/2

[Event "DEN-chT 2223 60th"]
[Site "Denmark"]
[Date "2022.11.20"]
[Round "3.3"]
[White "Bjerre, Jonas Buhl"]
[Black "Matthiesen, Martin"]
[Result "1-0"]
[WhiteElo "2612"]
[BlackElo "2328"]
[PlyCount "73"]
[EventDate "2022.10.29"]
[EventType "team-tourn"]
[EventRounds "9"]
[EventCountry "DEN"]
[SourceTitle "CBM 213 Extra"]
[Source "ChessBase"]
[SourceDate "2023.05.31"]
[SourceVersion "1"]
[SourceVersionDate "2023.05.31"]
[SourceQuality "1"]
[WhiteTeam "Skanderborg Nordea"]
[BlackTeam "Copenhagen 68"]
[WhiteTeamCountry "DEN"]
[BlackTeamCountry "DEN"]

1. e4 e5 2. Nf3 Nc6 3. Bb5 Nf6 4. d3 Bc5 5. c3 0-0 6. 0-0 Re8 7. Bg5 h6 8. Bh4 a6 9. Ba4 Ba7 10. Nbd2 d6 11. Re1 Bd7 12. Nf1 g5 13. Nxg5 hxg5 14. Bxg5 Nxe4 15. Bxd8 Nxf2 16. Qf3 Nh3+ 17. Kh1 Nf2+ 18. Qxf2 Bxf2 19. Re2 Raxd8 20. Rxf2 f5 21. Ne3 Ne7 22. Bxd7 Rxd7 23. Nxf5 Nxf5 24. Rxf5 d5 25. Kg1 d4 26. Rf3 dxc3 27. bxc3 e4 28. Rg3+ Kh8 29. Re1 Re5 30. d4 Rb5 31. Rxe4 Rb2 32. a4 Ra2 33. d5 Rd2 34. c4 b6 35. Rh4+ Rh7 36. Rxh7+ Kxh7 37. Re3 1-0

[Event "DEN-chT 2122 59th"]
[Site "Denmark"]
[Date "2022.01.16"]
[Round "4.2"]
[White "Matthiesen, Martin"]
[Black "Henriksen, Kasper"]
[Result "1-0"]
[WhiteElo "2325"]
[BlackElo "2117"]
[PlyCount "77"]
[EventDate "2021.10.30"]
[EventType "team-tourn"]
[EventRounds "9"]
[EventCountry "DEN"]
[SourceTitle "EXT 2024"]
[Source "ChessBase"]
[SourceDate "2023.10.10"]
[SourceVersion "1"]
[SourceVersionDate "2023.10.10"]
[SourceQuality "1"]
[WhiteTeam "Copenhagen 68"]
[BlackTeam "Koge Xtracon"]
[WhiteTeamCountry "DEN"]
[BlackTeamCountry "DEN"]

1. d4 Nf6 2. c4 g6 3. Nc3 Bg7 4. e4 d6 5. f3 0-0 6. Be3 c5 7. Nge2 Nc6 8. d5 Ne5 9. Ng3 e6 10. Be2 exd5 11. cxd5 a6 12. a4 h5 13. 0-0 Nh7 14. Qd2 h4 15. Nh1 f5 16. Nf2 Qf6 17. f4 Nf7 18. e5 dxe5 19. fxe5 Qxe5 20. Bxc5 Rd8 21. Nd3 Qc7 22. Qe3 Qd7 23. Nf4 Re8 24. Qf2 Ne5 25. Ne6 Bf6 26. Bb6 Rxe6 27. dxe6 Qc6 28. Nb5 Bxe6 29. Nc7 Rf8 30. Rac1 Qd7 31. Rfd1 Qf7 32. Nxe6 Qxe6 33. Qc5 Kg7 34. Rd6 Qb3 35. Qd5 Qxb2 36. Rc7+ Kh8 37. Bf1 h3 38. Bd4 Qd2 39. Rxf6 1-0

[Event "Titled Tuesday intern op 28th Dec"]
[Site "Chess.com INT"]
[Date "2021.12.28"]
[Round "10"]
[White "Aung, Thant Zin"]
[Black "Matthiesen, Martin"]
[Result "0-1"]
[WhiteElo "2268"]
[BlackElo "2320"]
[PlyCount "78"]
[EventDate "2021.12.28"]
[EventType "swiss (blitz)"]
[EventRounds "11"]
[EventCountry "USA"]
[SourceTitle "CBM 206 Extra"]
[Source "ChessBase"]
[SourceDate "2022.03.31"]
[SourceVersion "1"]
[SourceVersionDate "2022.03.31"]
[SourceQuality "1"]

1. e4 e5 2. Nf3 Nc6 3. d4 exd4 4. Nxd4 Nf6 5. Nc3 Bb4 6. Nxc6 bxc6 7. Bd3 d5 8. exd5 0-0 9. 0-0 Bg4 10. f3 Bh5 11. dxc6 Qd4+ 12. Kh1 Bxc3 13. bxc3 Qxc3 14. Rb1 Qxc6 15. Bb2 Bg6 16. Bxg6 hxg6 17. Bxf6 gxf6 18. Rb3 Kg7 19. h3 Rfe8 20. Re1 Rxe1+ 21. Qxe1 Qxc2 22. Qb1 Qxb1+ 23. Rxb1 Rc8 24. Rb7 c5 25. Kg1 c4 26. Rb2 f5 27. Kf2 f4 28. Ke2 Kf6 29. Rb4 Ke5 30. Kd2 Kd4 31. Ra4 Rc7 32. Ra6 Rb7 33. Kc2 Re7 34. Rd6+ Kc5 35. Rd2 Kb4 36. h4 a5 37. Rf2 c3 38. Kc1 Kc4 39. Kc2 a4 0-1

[Event "Titled Tuesday intern op 28th Dec"]
[Site "Chess.com INT"]
[Date "2021.12.28"]
[Round "3"]
[White "Matthiesen, Martin"]
[Black "Nazaretyan, Tigran"]
[Result "1/2-1/2"]
[WhiteElo "2320"]
[BlackElo "2316"]
[PlyCount "132"]
[EventDate "2021.12.28"]
[EventType "swiss (blitz)"]
[EventRounds "11"]
[EventCountry "USA"]
[SourceTitle "CBM 206 Extra"]
[Source "ChessBase"]
[SourceDate "2022.03.31"]
[SourceVersion "1"]
[SourceVersionDate "2022.03.31"]
[SourceQuality "1"]

1. d4 Nf6 2. c4 c5 3. d5 b5 4. cxb5 a6 5. bxa6 Bxa6 6. Nc3 g6 7. e4 Bxf1 8. Kxf1 d6 9. Nf3 Qc8 10. h3 Qa6+ 11. Kg1 Bg7 12. Kh2 0-0 13. a4 Nbd7 14. Ra3 Rfb8 15. Re1 Rb4 16. b3 Ng4+ 17. hxg4 Bxc3 18. Bd2 Bxd2 19. Nxd2 Ne5 20. Re3 Rd4 21. Qe2 Qxe2 22. Rxe2 Nxg4+ 23. Kg1 Ne5 24. f3 Rd3 25. Ra1 h5 26. Kf2 Kf8 27. Ra2 Ke8 28. Re1 Rc3 29. Ke2 Nd3 30. Rea1 Nb4 31. Rb2 g5 32. Nc4 Nc2 33. Kd2 Rxc4 34. Rxc2 Rd4+ 35. Kc3 f5 36. Rd2 Rxd2 37. Kxd2 fxe4 38. fxe4 Kd7 39. Ke3 Rb8 40. Ra3 h4 41. Kf3 Rb4 42. Kg4 Rxe4+ 43. Kxg5 Kc7 44. Kh5 Kb6 45. a5+ Ka6 46. Kg5 Rd4 47. Kh5 Rxd5+ 48. Kxh4 Rd3 49. Ra1 Rxb3 50. g4 c4 51. g5 c3 52. g6 c2 53. Rc1 Rc3 54. g7 Rc8 55. Rxc2 Rg8 56. Rg2 Kxa5 57. Kh5 Kb4 58. Kg6 d5 59. Kf7 Rxg7+ 60. Rxg7 d4 61. Kxe7 d3 62. Kd6 d2 63. Rg1 Kc3 64. Kd5 Kc2 65. Kd4 d1Q+ 66. Rxd1 Kxd1 1/2-1/2

[Event "Titled Tuesday intern op 28th Dec"]
[Site "Chess.com INT"]
[Date "2021.12.28"]
[Round "2"]
[White "Matthiesen, Martin"]
[Black "Pershina, Elena"]
[Result "1-0"]
[WhiteElo "2320"]
[BlackElo "2114"]
[PlyCount "73"]
[EventDate "2021.12.28"]
[EventType "swiss (blitz)"]
[EventRounds "11"]
[EventCountry "USA"]
[SourceTitle "CBM 206 Extra"]
[Source "ChessBase"]
[SourceDate "2022.03.31"]
[SourceVersion "1"]
[SourceVersionDate "2022.03.31"]
[SourceQuality "1"]

1. d4 e6 2. c4 d5 3. Nf3 Nf6 4. Nc3 c6 5. e3 Be7 6. Bd3 0-0 7. 0-0 dxc4 8. Bxc4 c5 9. Qe2 cxd4 10. exd4 Nc6 11. Rd1 Nd5 12. a3 Bf6 13. Qe4 Nce7 14. Ng5 g6 15. Qh4 Bxg5 16. Bxg5 f6 17. Bc1 Nf5 18. Qe4 Nxc3 19. bxc3 Re8 20. Ba2 Kg7 21. c4 Qc7 22. Bb2 Bd7 23. Rac1 Bc6 24. Qg4 h5 25. Qh3 Qf4 26. d5 exd5 27. cxd5 Bb5 28. Re1 Rad8 29. Qb3 a6 30. g3 Qd6 31. a4 Bd7 32. Rxe8 Rxe8 33. Ba3 Qb8 34. Qb6 Bxa4 35. Rc7+ Kh6 36. Bc1+ g5 37. Qxf6# 1-0

[Event "DEN-chT 2122 59th"]
[Site "Denmark"]
[Date "2021.12.12"]
[Round "3.2"]
[White "Skytte, Rasmus"]
[Black "Matthiesen, Martin"]
[Result "1/2-1/2"]
[WhiteElo "2378"]
[BlackElo "2325"]
[PlyCount "45"]
[EventDate "2021.10.30"]
[EventType "team-tourn"]
[EventRounds "9"]
[EventCountry "DEN"]
[SourceTitle "EXT 2023"]
[Source "ChessBase"]
[SourceDate "2022.10.05"]
[SourceVersion "1"]
[SourceVersionDate "2022.10.05"]
[SourceQuality "1"]
[WhiteTeam "Aarhus/Skolerne"]
[BlackTeam "Copenhagen 68"]
[WhiteTeamCountry "DEN"]
[BlackTeamCountry "DEN"]

1. e4 e5 2. Nf3 Nc6 3. Bb5 a6 4. Ba4 Nf6 5. 0-0 Be7 6. Re1 b5 7. Bb3 d6 8. c3 0-0 9. h3 Bb7 10. d4 Re8 11. Nbd2 Bf8 12. Bc2 g6 13. d5 Nb8 14. a4 Nbd7 15. b4 c6 16. c4 Qc7 17. dxc6 Bxc6 18. Bd3 bxc4 19. Bxc4 d5 20. exd5 Bxd5 21. Bxd5 Nxd5 22. Ne4 N5f6 23. Nxf6+ 1/2-1/2

[Event "DEN-chT 2122 59th"]
[Site "Denmark"]
[Date "2021.10.30"]
[Round "1.1"]
[White "Matthiesen, Martin"]
[Black "Nielsen, Viktor Haarmark"]
[Result "1-0"]
[WhiteElo "2325"]
[BlackElo "2296"]
[PlyCount "109"]
[EventDate "2021.10.30"]
[EventType "team-tourn"]
[EventRounds "9"]
[EventCountry "DEN"]
[SourceTitle "CBM 204 Extra"]
[Source "ChessBase"]
[SourceDate "2021.11.30"]
[SourceVersion "1"]
[SourceVersionDate "2021.11.30"]
[SourceQuality "1"]
[WhiteTeam "Copenhagen 68"]
[BlackTeam "Obro"]
[WhiteTeamCountry "DEN"]
[BlackTeamCountry "DEN"]

1. d4 Nf6 2. c4 g6 3. g3 Bg7 4. Bg2 d5 5. cxd5 Nxd5 6. e4 Nb6 7. Ne2 c5 8. d5 0-0 9. 0-0 e6 10. Nec3 exd5 11. exd5 Na6 12. Nd2 Re8 13. Nde4 h6 14. Nb5 Bf5 15. Ned6 Qd7 16. Nxf5 gxf5 17. Nc3 Nc4 18. Qh5 Nb4 19. Bxh6 Bxh6 20. Qxh6 Qd6 21. Qh4 Nxb2 22. Rab1 N4d3 23. Qg5+ Qg6 24. Qd2 Qf6 25. Nd1 Nxd1 26. Qxd3 Nc3 27. Rxb7 Rac8 28. Bf3 c4 29. Qc2 Qe5 30. d6 Red8 31. d7 Rc5 32. Rxa7 Kh7 33. a4 Kg6 34. Rc1 Nd5 35. h4 c3 36. Bxd5 Qxd5 37. Rd1 Qe4 38. Qxe4 fxe4 39. Rc1 Kf6 40. Rb7 Ke6 41. Rb3 Rxd7 42. Rbxc3 Rxc3 43. Rxc3 Rd1+ 44. Kg2 Ra1 45. Rc6+ Ke5 46. Rc5+ Ke6 47. Rc4 f5 48. g4 Kd5 49. Rb4 f4 50. h5 f3+ 51. Kg3 Ke5 52. Rb5+ Kd4 53. h6 Rg1+ 54. Kf4 Rh1 55. Rh5 1-0

[Event "Titled Tuesday intern op 17th Aug"]
[Site "Chess.com INT"]
[Date "2021.08.17"]
[Round "7"]
[White "Djordjevic, Vuk D"]
[Black "Matthiesen, Martin"]
[Result "1-0"]
[WhiteElo "2350"]
[BlackElo "2320"]
[PlyCount "79"]
[EventDate "2021.08.17"]
[EventType "swiss (blitz)"]
[EventRounds "11"]
[EventCountry "USA"]
[SourceTitle "EXT 2022"]
[Source "ChessBase"]
[SourceDate "2021.10.06"]
[SourceVersion "1"]
[SourceVersionDate "2021.10.06"]
[SourceQuality "1"]

1. d4 Nf6 2. Bg5 d5 3. Bxf6 exf6 4. e3 Bd6 5. c4 dxc4 6. Bxc4 0-0 7. Nc3 Nd7 8. Nf3 Nb6 9. Bd3 c5 10. Ne4 cxd4 11. Nxd6 Qxd6 12. Nxd4 Bd7 13. 0-0 Rfd8 14. Rc1 Rac8 15. Qh5 g6 16. Qf3 Rxc1 17. Rxc1 Rc8 18. Rd1 Rc7 19. Bxg6 hxg6 20. Nb5 Qe5 21. Nxc7 Qxc7 22. Qxf6 Qc2 23. Qd4 Be6 24. h3 Bxa2 25. Ra1 Qc4 26. Qd2 Qe6 27. Qa5 Bd5 28. Rd1 Bc6 29. Qxa7 Qe4 30. Qb8+ Kh7 31. Qg3 Nc4 32. b3 Ne5 33. Rd4 Qf5 34. b4 b5 35. Kh2 Qe6 36. Qh4+ Kg7 37. Qd8 Nc4 38. Rh4 g5 39. Qh8+ Kg6 40. Rh6+ 1-0